| Tag |
First Indicator |
Second Indicator |
Subfields |
| LEADER |
00000pam a2200000 a 4500 |
| 001 |
in00000070032 |
| 005 |
20151008061546.0 |
| 008 |
811117s1982 maua b 00110 eng |
| 010 |
|
|
|a 81047982
|
| 020 |
|
|
|a 0669052116
|
| 035 |
|
|
|a (OCoLC)07998653
|
| 035 |
|
|
|9 AAJ8320AM
|
| 039 |
0 |
|
|a 2
|b 3
|c 3
|d 3
|e 3
|
| 040 |
|
|
|a DLC
|c DLC
|d TXA
|d UtOrBLW
|
| 049 |
|
|
|a TXAM
|c [1443204]
|
| 050 |
0 |
0 |
|a HG229
|b .L68 1982
|
| 082 |
0 |
|
|a 332.4/1
|2 19
|
| 100 |
1 |
|
|a Lovett, William Anthony.
|
| 245 |
1 |
0 |
|a Inflation and politics :
|b fiscal, monetary, and wage-price discipline /
|c William A. Lovett.
|
| 264 |
|
1 |
|a Lexington, Mass. :
|b Lexington Books,
|c [1982]
|
| 264 |
|
4 |
|c ©1982
|
| 300 |
|
|
|a xii, 268 pages :
|b illustrations ;
|c 24 cm.
|
| 336 |
|
|
|a text
|b txt
|2 rdacontent
|
| 337 |
|
|
|a unmediated
|b n
|2 rdamedia
|
| 338 |
|
|
|a volume
|b nc
|2 rdacarrier
|
| 504 |
|
|
|a Includes bibliographical references and index.
|
| 650 |
|
0 |
|a Inflation (Finance)
|
| 650 |
|
0 |
|a Wage-price policy.
|
| 999 |
|
|
|a MARS
|
| 999 |
f |
f |
|s 7c2d0f5b-1066-346d-87dd-45e591f78a5d
|i bebae304-0d3d-3f50-b901-2cfed6a83388
|t 0
|
| 952 |
f |
f |
|p ric
|a Texas A&M University
|b Rellis Campus
|c Joint Library Facility
|d Remote Storage
|t 0
|e HG229 .L68 1982
|h Library of Congress classification
|i unmediated -- volume
|m A14806136987
|
| 998 |
f |
f |
|a HG229 .L68 1982
|t 0
|l Remote Storage
|